The divine kingship of the Shilluk of the Nilotic Sudan / (Record no. 828)
[ view plain ]
| 000 -LEADER | |
|---|---|
| fixed length control field | 00898cam a22002771a 4500 |
| 001 - CONTROL NUMBER | |
| control field | 9293049 |
| 003 - CONTROL NUMBER IDENTIFIER | |
| control field | OSt |
| 005 - DATE AND TIME OF LATEST TRANSACTION | |
| control field | 20230608091308.0 |
| 008 - FIXED-LENGTH DATA ELEMENTS--GENERAL INFORMATION | |
| fixed length control field | 790328s1948 enk b 000 0 eng |
| 010 ## - LIBRARY OF CONGRESS CONTROL NUMBER | |
| LC control number | 49003600 |
| 035 ## - SYSTEM CONTROL NUMBER | |
| System control number | (OCoLC)4793854 |
| 040 ## - CATALOGING SOURCE | |
| Original cataloging agency | DLC |
| Transcribing agency | CU-S |
| Modifying agency | OCoLC |
| -- | NNHuC |
| -- | DLC |
| 042 ## - AUTHENTICATION CODE | |
| Authentication code | premarc |
| 043 ## - GEOGRAPHIC AREA CODE | |
| Geographic area code | f-sj--- |
| 050 00 - LIBRARY OF CONGRESS CALL NUMBER | |
| Classification number | GN652.S5 |
| Item number | E8 |
| 082 ## - DEWEY DECIMAL CLASSIFICATION NUMBER | |
| Classification number | 572.9624 |
| Edition number | EVA |
| 100 2# - MAIN ENTRY--PERSONAL NAME | |
| Personal name | Evans-Pritchard, E. E. |
| Fuller form of name | (Edward Evan), |
| Dates associated with a name | 1902-1973. |
| 245 14 - TITLE STATEMENT | |
| Title | The divine kingship of the Shilluk of the Nilotic Sudan / |
| Statement of responsibility, etc. | by E.E. Evans-Pritchard. |
| 260 ## - PUBLICATION, DISTRIBUTION, ETC. (IMPRINT) | |
| Place of publication, distribution, etc. | Cambridge [England] : |
| Name of publisher, distributor, etc. | University Press, |
| Date of publication, distribution, etc. | 1948. |
| 300 ## - PHYSICAL DESCRIPTION | |
| Extent | 39, [1] p. ; |
| Dimensions | 19 cm. |
| 440 #4 - SERIES STATEMENT/ADDED ENTRY--TITLE | |
| Title | The Frazer lecture ; |
| Volume/sequential designation | 1948 |
| 504 ## - BIBLIOGRAPHY, ETC. NOTE | |
| Bibliography, etc | Includes bibliographical references (p. 39-[40]) |
| 650 #0 - SUBJECT ADDED ENTRY--TOPICAL TERM | |
| Topical term or geographic name as entry element | Shilluk (African people) |
| General subdivision | Kings and rulers. |
| 906 ## - LOCAL DATA ELEMENT F, LDF (RLIN) | |
| a | 7 |
| b | cbc |
| c | oclcrpl |
| d | u |
| e | ncip |
| f | 19 |
| g | y-gencatlg |
| 942 ## - ADDED ENTRY ELEMENTS (KOHA) | |
| Source of classification or shelving scheme | Dewey Decimal Classification |
| Koha item type | Books |
| Withdrawn status | Lost status | Source of classification or shelving scheme | Damaged status | Not for loan | Home library | Current library | Date acquired | Total Checkouts | Full call number | Barcode | Date last seen | Price effective from | Koha item type |
|---|---|---|---|---|---|---|---|---|---|---|---|---|---|
| Dewey Decimal Classification | Bunge Tower Library | Bunge Tower Library | 06/08/2023 | 572.9624 | 100001404 | 06/08/2023 | 06/08/2023 | Books |
